000 00328 a2200145 4500
001 151767
040 _cEscola São Tomás de Aquino
100 _aHIRATSUKA, Lúcia
240 1 0 _aOs livros de Sayuri
_lpor
245 1 0 _aOs livros de Sayuri
300 _a141
362 0 _a2012
697 _a*LITERATURA JUVENIL
942 _cBK
999 _c151767
_d151767